| 000 | 00375nam a2200145 4500 | ||
|---|---|---|---|
| 001 | 131109 | ||
| 003 | ES-MaACL | ||
| 005 | 20230906193921.0 | ||
| 007 | t| | ||
| 008 | 070214s1916 sp r ||||1| spa d | ||
| 100 | 1 |
_aRodao, José. _998096 |
|
| 245 | 1 | 0 |
_aCoplas de la aldea / _cJosé Rodao. |
| 260 |
_aSegovia : _bAntonio San Martín, _c1916. |
||
| 852 |
_aES-MaACL _j1486-F-9 |
||
| 999 |
_c131109 _d131109 |
||